Seguridad en la mediana minería de la Región de Antofagasta

Guardat en:
Dades bibliogràfiques
Autor principal: Carrasco Oñate, Celina (autor)
Altres autors: Vega López, Patricia (autor)
Format: Llibre
Idioma:espanyol
Publicat: Santiago, Chile Dirección del Trabajo 2011
Col·lecció:Cuaderno de Investigación, 43
Matèries:
Etiquetes: Afegir etiqueta
Sense etiquetes, Sigues el primer a etiquetar aquest registre!

MARC

LEADER 00000cam a2200000 a 4500
001 UCG9842
003 CL-VaPUC
005 20230525074428.0
008 120405e20111200CL |||||||||||||||||spa|d
999 |c 347378  |d 347376 
020 |a 9789567978168 
040 |c Pontificia Universidad Católica de Valparaíso 
082 0 4 |a 627.8 CAR 2011  |2 21 
100 0 |a Carrasco Oñate, Celina  |e autor  |9 561554 
245 1 0 |a Seguridad en la mediana minería de la Región de Antofagasta 
260 0 3 |a Santiago, Chile  |b Dirección del Trabajo  |c 2011 
300 |a 95 páginas 
490 0 |a Cuaderno de Investigación,   |v 43 
583 |a last modification  |c 20120405 11:40:00  |k Rodrigo Vera 
650 7 |a SEGURIDAD MINERA  |2 CL-VaPUC  |9 368845 
650 0 |a Accidentes de trabajo  |9 254901 
650 7 |a MINEROS  |2 CL-VaPUC  |9 318252 
650 7 |a LEGISLACION SOCIAL  |2 CL-VaPUC  |9 257176 
650 0 |a Seguridad social  |9 255322 
700 0 |a Vega López, Patricia  |e autor  |9 561555 
942 |c BK  |2 ddc 
945 |d 20120405 00:00:00  |a dcastane 
952 |0 0  |1 0  |2 ddc  |4 0  |6 627_800000000000000_CAR_2011  |7 0  |8 A  |9 448660  |a BIBGIM  |b BIBGIM  |d 2019-11-22  |i 4851358  |o 627.8 CAR 2011  |p 4851358  |r 2024-01-16  |t 1  |w 2019-11-22  |y BK  |k SSL